| 000 | 00580nam a2200169 i 4500 | ||
|---|---|---|---|
| 001 | 25817 | ||
| 003 | ES-MaACL | ||
| 005 | 20260115063024.0 | ||
| 007 | t| | ||
| 008 | 030103s1950 sp ||||1| spa d | ||
| 100 | 1 |
_aAreilza, José María de, _d1909-1998 _922575 |
|
| 245 | 1 | 0 |
_aHistoria de una conspiración romántica _b: conferencia pronunciada en Bilbao el día 6 de mayo de 1950 / _cJosé María de Areilza. |
| 260 |
_aMadrid : _b[s.n., _c1950] ( _fImp. S. Aguirre) |
||
| 300 |
_a117 p. ; _c18 cm. |
||
| 852 |
_aES-MaACL _jD-5633 _bR.30908 |
||
| 999 |
_c25817 _d25817 |
||